000 00650nam a2200253Ia 4500
003 OSt
005 20221005043944.0
006 a|||||r|||| 00| 0
007 ta
008 221004b |||||||| |||| 00| 0 eng d
020 _a1 870098 26 9
024 _a41216
037 _cTextual
040 _aCRL
_cCRL
_beng
041 _2eng
_aeng
082 _aO111,1N13w,1, N0
100 _aRaine Kathleen
245 0 _aIndia seen a far
260 _aHartland
_bGreen books
_c1990
300 _a294p
_ccm.
650 _aENGLISH LITERATURE
942 _hO111,1N13w,1, N0
_cTEXL
_2cc
999 _c952623
_d952623